000 00582nam a2200193 i 4500
001 55814
003 ES-MaACL
005 20230906163226.0
007 t|
008 030926s1967 sp ||||1| spa d
100 1 _aDiamant, R. M. E.
_944093
245 1 0 _aAislamiento térmico y acústico de edificios /
_cR.M.E. Diamant ; [versión Juan R. y P.D.].
250 _a[1ª ed.].
260 _aMadrid :
_bBlume,
_c[1967]
300 _a275 p. :
_bil. ;
_c22 cm.
700 1 _aThornberg, Juan R.
_9110139
700 1 _aThornberg, P. D.
_9110140
852 _aES-MaACL
_jC-34054
_bR.64939
999 _c55814
_d55814